Conozcamos Madrid : (Record no. 93884)

MARC details
000 -LEADER
campo de control de longitud fija 01059nam a2200265 i 4500
001 - NÚMERO DE CONTROL
campo de control 93884
003 - IDENTIFICADOR DE NÚMERO DE CONTROL
campo de control ES-MaACL
005 - FECHA Y HORA DE LA ÚLTIMA TRANSACCIÓN
campo de control 20250809233428.0
007 - CAMPO FIJO DE DESCRIPCIÓN FÍSICA--INFORMACIÓN GENERAL
campo de control de longitud fija t|
008 - DATOS DE LONGITUD FIJA--INFORMACIÓN GENERAL
campo de control de longitud fija 050421s1981 sp ||||1| spa d
080 ## - NÚMERO DE LA CLASIFICACIÓN DECIMAL UNIVERSAL
Número de la Clasificación Decimal Universal 914.641M.(026)
100 1# - ENTRADA PRINCIPAL--NOMBRE DE PERSONA
Nombre de persona Lopez Marsa, Flora.
9 (RLIN) 194743
245 10 - MENCIÓN DEL TÍTULO
Título Conozcamos Madrid :
Resto del título itinerarios histórico-culturales de la villa y corte /
Mención de responsabilidad, etc. [texto, Flora López Marsá, Alicia Díez de Baldeón y García, Celia Más Mayoral ; fotografía, Pedro López Gómez].
250 ## - MENCION DE EDICION
Mención de edición 2ª ed. corr. y aum.
260 ## - PUBLICACIÓN, DISTRIBUCIÓN, ETC.
Lugar de publicación, distribución, etc. Madrid :
Nombre del editor, distribuidor, etc. Relaciones Institucionales y Comunicación, Ayuntamiento,
Fecha de publicación, distribución, etc. 1981.
300 ## - DESCRIPCIÓN FÍSICA
Extensión 54 p.bil. col. ;
Dimensiones 24 cm.
504 ## - NOTA DE BIBLIOGRAFÍA, ETC.
Nota de bibliografía, etc. Bibliografía: p. 53-54.
651 #4 - PUNTO DE ACCESO ADICIONAL DE MATERIA--NOMBRE GEOGRÁFICO
Nombre geográfico Madrid-
Subdivisión de forma Guías turísticas.
9 (RLIN) 8962
700 1# - ENTRADA AGREGADA--NOMBRE PERSONAL
Nombre de persona Díez de Baldeón García, Alicia,
Fechas asociadas al nombre 1955-
9 (RLIN) 44698
700 1# - ENTRADA AGREGADA--NOMBRE PERSONAL
Nombre de persona Más Mayoral, Celia.
9 (RLIN) 78641
700 1# - ENTRADA AGREGADA--NOMBRE PERSONAL
Nombre de persona López Gómez, Pedro.
9 (RLIN) 73674
710 1# - ENTRADA AGREGADA--NOMBRE DE ENTIDAD CORPORATIVA
Nombre de entidad corporativa o nombre de jurisdicción como elemento de entrada Madrid.
Unidad subordinada Concejalía de Relaciones Institucionales y Comunicación.
9 (RLIN) 5621
852 4# - LOCALIZACIÓN
Ubicación ES-MaACL
Número de control de estantería 2135-F-10
Holdings
Estatus retirado Estado de pérdida Estado de daño No para préstamo Colección Biblioteca de origen Biblioteca actual Ubicación en estantería Fecha de adquisición Fuente de adquisición Total de préstamos Signatura topográfica completa Código de barras Visto por última vez Precio de reemplazo Tipo de ítem Koha
        Colección de folletos Biblioteca del Ateneo de Madrid Biblioteca del Ateneo de Madrid Depósito folletos 17/01/2008     2135-F-10 1098049 23/02/2023 23/02/2023 Folleto